[Event "I LIGA CS 2016"]
[Site "Kragujevac"]
[Date "2016.09.11"]
[Round "2.1"]
[White "Enchev, Ivajlo"]
[Black "Dimitrov, Radoslav"]
[Result "1/2-1/2"]
[WhiteElo "2451"]
[BlackElo "2489"]
[Annotator "Balkanchess"]
[PlyCount "40"]
[EventDate "2016.??.??"]
[WhiteClock "1:34:43"]
[BlackClock "1:34:06"]

1. e4 e6 2. d4 d5 3. exd5 exd5 4. Bd3 Bd6 5. Nf3 Ne7 6. O-O h6 7. Re1 O-O 8.
Nbd2 Bf5 9. Nf1 Bxd3 10. Qxd3 Nd7 11. Ng3 Nf6 12. Nf5 Nxf5 13. Qxf5 Qd7 14.
Qxd7 Nxd7 15. Bd2 Rfe8 16. Rxe8+ Rxe8 17. Re1 Rxe1+ 18. Nxe1 f6 19. Nd3 Kf7 20.
f3 c6 1/2-1/2

[Event "I LIGA CS 2016"]
[Site "Kragujevac"]
[Date "2016.09.11"]
[Round "2.2"]
[White "Zivkovic, Nemanja"]
[Black "Radovanovic, Nikola"]
[Result "0-1"]
[WhiteElo "2260"]
[BlackElo "2396"]
[PlyCount "104"]
[EventDate "2016.??.??"]
[WhiteClock "0:03:52"]
[BlackClock "0:06:47"]

1. e4 c5 2. Nc3 e6 3. Nf3 d6 4. b3 a6 5. Ne2 Nf6 6. Ng3 Nc6 7. c3 d5 8. e5 Nd7
9. d4 Qa5 10. Bd2 Qb6 11. Ne2 cxd4 12. cxd4 f6 13. exf6 Nxf6 14. g3 Ne4 15. Bg2
Bb4 16. Bxb4 Qxb4+ 17. Nd2 Nc3 18. Nxc3 Qxc3 19. O-O Qxd4 20. Qh5+ g6 21. Qh6
Bd7 22. Nf3 Qf6 23. Rac1 O-O-O 24. Rfe1 Kb8 25. Qe3 Rhe8 26. Qb6 Rc8 27. Rcd1
g5 28. h3 h5 29. Ne5 Nxe5 30. Qd6+ Ka7 31. Qxe5 Qxe5 32. Rxe5 Rg8 33. Rd2 Rg7
34. Bf1 Kb6 35. Be2 Rh8 36. Rc2 Rh6 37. Bd3 g4 38. h4 Rf7 39. Kg2 Bc6 40. Rce2
Rff6 41. Rg5 Kc5 42. Re4 Be8 43. b4+ Kd6 44. Rf4 Bf7 45. a4 e5 46. Rxf6+ Rxf6
47. Bf5 b6 48. f3 gxf3+ 49. Kxf3 Be6 50. g4 hxg4+ 51. Kxg4 Rxf5 52. Rxf5 d4 0-1

[Event "I LIGA CS 2016"]
[Site "Kragujevac"]
[Date "2016.09.11"]
[Round "2.3"]
[White "Zlatanovic, Boroljub"]
[Black "Stankovic, Ivan G"]
[Result "1-0"]
[WhiteElo "2392"]
[BlackElo "2293"]
[PlyCount "59"]
[EventDate "2016.??.??"]
[WhiteClock "0:45:15"]
[BlackClock "0:01:45"]

1. c4 c6 2. Nf3 Nf6 3. g3 g6 4. Bg2 Bg7 5. O-O O-O 6. Nc3 d5 7. cxd5 cxd5 8. d4
Nc6 9. Ne5 Be6 10. Nxc6 bxc6 11. Bf4 Qc8 12. Rc1 Bh3 13. Be5 Bxg2 14. Kxg2 Bh6
15. e3 Qe6 16. Bxf6 Qxf6 17. Na4 e5 18. dxe5 Qxe5 19. Rxc6 Qe4+ 20. Kg1 d4 21.
Rc4 Rfd8 22. Rxd4 Qe7 23. Rxd8+ Rxd8 24. Qb3 Rd2 25. Rd1 Bxe3 26. fxe3 Rxd1+
27. Qxd1 Qxe3+ 28. Kf1 Qe4 29. Kf2 Qf5+ 30. Kg1 1-0

[Event "I LIGA CS 2016"]
[Site "Kragujevac"]
[Date "2016.09.11"]
[Round "2.4"]
[White "Milosevic, Aleksandar"]
[Black "Novoselski, Zoran"]
[Result "0-1"]
[WhiteElo "2269"]
[BlackElo "2323"]
[PlyCount "80"]
[EventDate "2016.??.??"]
[WhiteClock "0:02:08"]
[BlackClock "1:37:08"]

1. Nf3 g6 2. d4 Bg7 3. c4 c5 4. e4 cxd4 5. Nxd4 Nc6 6. Be3 Nf6 7. Nc3 Ng4 8.
Qxg4 Nxd4 9. Qd1 e5 10. Nb5 O-O 11. Nxd4 exd4 12. Bxd4 Qa5+ 13. Ke2 Re8 14. f3
d5 15. Bxg7 Rxe4+ 16. Kf2 Qc5+ 17. Kg3 Qe3 18. h3 Qf4+ 19. Kf2 Kxg7 20. Qc1 Qf6
21. Qc3 d4 22. Qd2 Bd7 23. Kg1 Rf4 24. Re1 Bc6 25. Qf2 Rd8 26. Bd3 Bxf3 27. Rf1
Qg5 28. Kh2 Bc6 29. Qg3 Qxg3+ 30. Kxg3 Rxf1 31. Rxf1 f5 32. b4 b6 33. Kf2 Be4
34. Rd1 Kf6 35. Bf1 Ke5 36. Rc1 d3 37. Ke3 d2 38. Rd1 f4+ 39. Ke2 Bd3+ 40. Kf2
Bc2 0-1

[Event "I LIGA CS 2016"]
[Site "Kragujevac"]
[Date "2016.09.11"]
[Round "2.5"]
[White "Radovic, Janko"]
[Black "Vlahovic, Bogdan"]
[Result "1/2-1/2"]
[WhiteElo "2258"]
[BlackElo "2312"]
[PlyCount "41"]
[EventDate "2016.??.??"]
[WhiteClock "0:41:57"]
[BlackClock "1:00:43"]

1. e4 e6 2. d4 d5 3. Nc3 Bb4 4. e5 c5 5. a3 Bxc3+ 6. bxc3 Ne7 7. Qg4 Qc7 8.
Qxg7 Rg8 9. Qxh7 cxd4 10. Ne2 Nbc6 11. f4 Bd7 12. Qd3 dxc3 13. Nxc3 a6 14. h4
Nf5 15. Rh3 Na5 16. h5 O-O-O 17. Rb1 Nc4 18. h6 Rg6 19. h7 Rh8 20. Qf3 Rg7 21.
g4 1/2-1/2

[Event "I LIGA CS 2016"]
[Site "Kragujevac"]
[Date "2016.09.11"]
[Round "2.6"]
[White "Krstic, Ranko"]
[Black "Radovic, Luka"]
[Result "1-0"]
[WhiteElo "2206"]
[BlackElo "2254"]
[PlyCount "69"]
[EventDate "2016.??.??"]
[WhiteClock "0:19:35"]
[BlackClock "0:03:57"]

1. Nf3 c5 2. c4 Nc6 3. Nc3 g6 4. g3 Bg7 5. Bg2 e6 6. O-O Nge7 7. d3 d6 8. Rb1
b6 9. Bg5 Bb7 10. e4 Qd7 11. a3 h6 12. Bf4 O-O 13. h4 Nd4 14. Nxd4 cxd4 15. Ne2
f5 16. f3 d5 17. cxd5 exd5 18. Qb3 Kh7 19. Rbc1 dxe4 20. Rc7 Qd5 21. Qxd5 Nxd5
22. Rxb7 exd3 23. Nxd4 Nxf4 24. gxf4 Rfb8 25. Rd7 Rd8 26. Rxg7+ Kxg7 27. Ne6+
Kf6 28. Nxd8 Rxd8 29. Kf2 Rc8 30. Ke3 Rc2 31. Rf2 g5 32. Rxc2 dxc2 33. Kd2 g4
34. fxg4 fxg4 35. Be4 1-0

[Event "I LIGA CS 2016"]
[Site "Kragujevac"]
[Date "2016.09.11"]
[Round "2.7"]
[White "Stankovic, Milos"]
[Black "Ristic, Nebojsa M"]
[Result "1-0"]
[WhiteElo "2410"]
[BlackElo "2371"]
[PlyCount "63"]
[EventDate "2016.??.??"]
[WhiteClock "0:21:22"]
[BlackClock "0:31:53"]

1. e4 c6 2. Nc3 d5 3. Nf3 dxe4 4. Nxe4 Bf5 5. Ng3 Bg6 6. h4 h6 7. Ne5 Bh7 8.
Qh5 g6 9. Qf3 Nf6 10. Bc4 e6 11. Ne4 Bg7 12. d4 Bg8 13. Be3 Nxe4 14. Qxe4 Nd7
15. f4 Nf6 16. Qf3 h5 17. O-O-O Nd5 18. g3 Bh7 19. Bd2 Nb6 20. Bb3 Qc7 21. Rhe1
a5 22. Nxf7 Kxf7 23. Bxe6+ Kf8 24. f5 gxf5 25. Bf4 Qe7 26. Bxf5 Qf6 27. Qa3+
Kf7 28. Be6+ Qxe6 29. Rxe6 Kxe6 30. Re1+ Kf5 31. Qf3 Bg8 32. Bg5+ 1-0

[Event "I LIGA CS 2016"]
[Site "Kragujevac"]
[Date "2016.09.11"]
[Round "2.8"]
[White "Todorovic, Goran N"]
[Black "Nestorovic, Dejan"]
[Result "1/2-1/2"]
[WhiteElo "2350"]
[BlackElo "2380"]
[PlyCount "35"]
[EventDate "2016.??.??"]
[WhiteClock "0:20:31"]
[BlackClock "0:22:04"]

1. Nf3 Nf6 2. c4 e6 3. Nc3 Bb4 4. Qc2 c5 5. a3 Ba5 6. g3 Nc6 7. Bg2 O-O 8. O-O
d6 9. d3 h6 10. b3 e5 11. e3 Bf5 12. Bb2 Re8 13. Nd2 Bxc3 14. Bxc3 Rc8 15. h3
d5 16. e4 dxe4 17. dxe4 Be6 18. Rae1 1/2-1/2

[Event "I LIGA CS 2016"]
[Site "Kragujevac"]
[Date "2016.09.11"]
[Round "2.9"]
[White "Markovic, Zoran S"]
[Black "Stankovic, Dragan P"]
[Result "1/2-1/2"]
[WhiteElo "2363"]
[BlackElo "2208"]
[PlyCount "64"]
[EventDate "2016.??.??"]
[WhiteClock "0:08:34"]
[BlackClock "0:26:19"]

1. e4 c5 2. Nf3 e6 3. d4 cxd4 4. Nxd4 Nf6 5. Nc3 Nc6 6. Ndb5 d6 7. Bf4 e5 8.
Bg5 a6 9. Na3 b5 10. Bxf6 gxf6 11. Nd5 f5 12. c3 Bg7 13. exf5 Bxf5 14. Nc2 Be6
15. g3 Ne7 16. Bg2 Nxd5 17. Bxd5 O-O 18. O-O Rc8 19. a4 Bxd5 20. Qxd5 Rc5 21.
Qb7 bxa4 22. Qxa6 Qb8 23. Nb4 d5 24. Qxa4 Qb7 25. Qa6 Qd7 26. Ra5 Rxa5 27. Qxa5
d4 28. Qa6 e4 29. cxd4 Qxd4 30. Nc6 Qxb2 31. Ne7+ Kh8 32. Nf5 Qe5 1/2-1/2

[Event "I LIGA CS 2016"]
[Site "Kragujevac"]
[Date "2016.09.11"]
[Round "2.10"]
[White "Milosevic, Boban"]
[Black "Vucinic, Gojko"]
[Result "0-1"]
[WhiteElo "2283"]
[BlackElo "2439"]
[PlyCount "114"]
[EventDate "2016.??.??"]
[WhiteClock "0:15:00"]
[BlackClock "0:22:30"]

1. e4 c5 2. Nf3 d6 3. d4 cxd4 4. Nxd4 Nf6 5. Nc3 a6 6. Bg5 Nbd7 7. f4 Qc7 8.
Qe2 e5 9. Nf3 h6 10. Bxf6 Nxf6 11. f5 d5 12. Nxd5 Nxd5 13. exd5 Bb4+ 14. c3
Bxc3+ 15. Kd1 Bb4 16. Qe4 Qd6 17. Rc1 O-O 18. Bd3 Rd8 19. Ke2 Qxd5 20. Qxd5
Rxd5 21. Be4 Rd7 22. Rhd1 Bd6 23. Nxe5 Re7 24. Rxd6 Bxf5 25. Bxb7 Rxb7 26. Nc4
Be6 27. b3 a5 28. Nb6 Re8 29. Kd2 Bg4 30. h3 Bf5 31. Rc5 Be4 32. g3 Bg2 33.
Rxa5 Rbe7 34. a4 Re2+ 35. Kc3 R2e3+ 36. Rd3 Bf1 37. Rxe3 Rxe3+ 38. Kb4 Rxg3 39.
Ra8+ Kh7 40. a5 Bd3 41. Nd7 Rxh3 42. Nc5 Bf1 43. a6 Rh2 44. a7 Ra2 45. Na4 Bg2
46. Rf8 f6 47. a8=Q Bxa8 48. Rxa8 h5 49. Rc8 h4 50. Ka5 h3 51. Rc3 h2 52. Rh3+
Kg8 53. b4 g5 54. b5 g4 55. Rh4 g3 56. b6 Rd2 57. b7 Rd8 0-1

[Event "I LIGA CS 2016"]
[Site "Kragujevac"]
[Date "2016.09.11"]
[Round "2.11"]
[White "Milenkovic, Mladen"]
[Black "Vulicevic, Novica"]
[Result "0-1"]
[WhiteElo "2344"]
[BlackElo "2140"]
[PlyCount "72"]
[EventDate "2016.??.??"]
[WhiteClock "0:00:49"]
[BlackClock "0:25:32"]

1. e4 g6 2. d4 Bg7 3. Nc3 d6 4. f4 Nf6 5. Nf3 O-O 6. Be3 c6 7. Qd2 b5 8. Bd3 a5
9. f5 b4 10. Ne2 Ba6 11. Bh6 c5 12. Bxg7 Kxg7 13. Bxa6 Nxa6 14. Ng3 cxd4 15. h4
h5 16. Nxd4 Nc5 17. O-O-O a4 18. fxg6 fxg6 19. e5 Ng4 20. Qg5 Kh7 21. Nc6 Qe8
22. Qxe7+ Qxe7 23. Nxe7 Nf2 24. exd6 b3 25. Kb1 Nxh1 26. Nxh1 bxc2+ 27. Kxc2
Rf4 28. g3 Rf6 29. Nc6 Ne4 30. Ne5 Rc8+ 31. Kb1 Nd2+ 32. Ka1 Rxd6 33. Nf2 Ne4
34. Nfd3 Nf2 35. Rd2 Nxd3 36. Nxd3 Rxd3 0-1

[Event "I LIGA CS 2016"]
[Site "Kragujevac"]
[Date "2016.09.11"]
[Round "2.12"]
[White "Bajic, Veroljub"]
[Black "Organdziev, Oliver"]
[Result "0-1"]
[WhiteElo "2078"]
[BlackElo "2259"]
[PlyCount "102"]
[EventDate "2016.??.??"]
[WhiteClock "0:26:54"]
[BlackClock "0:33:41"]

1. d4 e6 2. Nf3 Nf6 3. Bf4 c5 4. e3 b6 5. Be2 Bb7 6. O-O Be7 7. Nbd2 O-O 8. h3
Nc6 9. c3 d5 10. Ne5 Nxe5 11. dxe5 Ne4 12. Nxe4 dxe4 13. Qxd8 Rfxd8 14. Rfd1
Kf8 15. Kf1 h6 16. Ke1 Bh4 17. Rxd8+ Rxd8 18. Rd1 Rxd1+ 19. Bxd1 Bd5 20. b3 b5
21. Ke2 Bd8 22. a3 a5 23. Bc2 g5 24. Bh2 Bc7 25. f4 exf3+ 26. gxf3 f5 27. Kf2
Kf7 28. f4 Kg6 29. Kg3 Be4 30. Bd1 b4 31. axb4 cxb4 32. cxb4 axb4 33. Bg1 Bb6
34. Bf2 Bc5 35. h4 g4 36. Be1 Be7 37. Be2 Bd5 38. Bd1 Kh5 39. Kh2 Bxh4 40. Bxb4
Bf2 41. Bc5 Kg6 42. e4 g3+ 43. Kh3 fxe4 44. Bxf2 gxf2 45. Be2 Bxb3 46. Kg3 Bd1
47. Bc4 e3 48. Bd3+ Kg7 49. Kg2 h5 50. f5 exf5 51. Bxf5 Be2 0-1

[Event "I LIGA CS 2016"]
[Site "Kragujevac"]
[Date "2016.09.11"]
[Round "2.13"]
[White "Cvetkovic, Zoran"]
[Black "Ratkovic, Miloje"]
[Result "0-1"]
[WhiteElo "1728"]
[BlackElo "2414"]
[PlyCount "64"]
[EventDate "2016.??.??"]
[WhiteClock "0:58:27"]
[BlackClock "1:21:10"]

1. e4 c6 2. d4 d5 3. Nc3 dxe4 4. Nxe4 Bf5 5. Ng3 Bg6 6. c3 e6 7. Nf3 Nd7 8. Qb3
Qc7 9. Be2 Ngf6 10. O-O Bd6 11. c4 O-O 12. Bd3 c5 13. Be3 cxd4 14. Nxd4 Nc5 15.
Nb5 Nxb3 16. Nxc7 Bxd3 17. Nxa8 Nxa1 18. Rxa1 Bxg3 19. hxg3 Rxa8 20. b3 h5 21.
f3 a5 22. Rd1 Bf5 23. Rd6 a4 24. Rb6 Bb1 25. a3 axb3 26. Rxb3 Ba2 27. Rc3 Rc8
28. Bd4 Rxc4 29. Bxf6 gxf6 30. Rd3 Rc2 31. a4 Bd5 32. Ra3 Ra2 0-1

[Event "I LIGA CS 2016"]
[Site "Kragujevac"]
[Date "2016.09.11"]
[Round "2.14"]
[White "Milanovic, Slavisa"]
[Black "Ilic, Zoran S"]
[Result "1/2-1/2"]
[WhiteElo "2395"]
[BlackElo "2279"]
[PlyCount "53"]
[EventDate "2016.??.??"]
[WhiteClock "0:27:55"]
[BlackClock "0:37:29"]

1. c4 e5 2. Nc3 Nc6 3. Nf3 Nf6 4. a3 g6 5. g3 Bg7 6. Bg2 O-O 7. O-O d6 8. d3 h6
9. h3 a5 10. e4 Nd7 11. Rb1 Nc5 12. b4 axb4 13. axb4 Ne6 14. b5 Ncd4 15. Nxd4
Nxd4 16. Ne2 Nxe2+ 17. Qxe2 Be6 18. Be3 Qd7 19. Kh2 c6 20. bxc6 bxc6 21. Rb6
Rfb8 22. Rfb1 Rxb6 23. Rxb6 Kh7 24. Qb2 Rc8 25. Rb7 Rc7 26. Rxc7 Qxc7 27. Qb6
1/2-1/2

[Event "I LIGA CS 2016"]
[Site "Kragujevac"]
[Date "2016.09.11"]
[Round "2.15"]
[White "Milosavljevic, Ivan"]
[Black "Blesic, Vaso"]
[Result "0-1"]
[WhiteElo "2113"]
[BlackElo "2350"]
[PlyCount "82"]
[EventDate "2016.??.??"]
[WhiteClock "0:41:10"]
[BlackClock "0:56:28"]

1. e4 c5 2. Nf3 g6 3. d4 cxd4 4. Nxd4 Nc6 5. Be3 Nf6 6. Nc3 Bg7 7. f3 O-O 8.
Qd2 d5 9. O-O-O dxe4 10. Nxc6 Qxd2+ 11. Rxd2 bxc6 12. fxe4 Ng4 13. Bg5 f6 14.
Bc4+ Kh8 15. Bf4 e5 16. h3 exf4 17. hxg4 Bxg4 18. Rd6 Rac8 19. Rh4 h5 20. e5 g5
21. Rh1 f3 22. g3 f5 23. e6 Be5 24. Rd7 Rfe8 25. Nd1 Bxg3 26. Kb1 f4 27. Nc3 h4
28. Ne4 Bxe6 29. Bxe6 Rxe6 30. Nxg5 Re3 31. Nf7+ Kg8 32. Nh6+ Kf8 33. Ng4 Rce8
34. c3 Re1+ 35. Rxe1 Rxe1+ 36. Kc2 f2 37. Nf6 Re7 38. Rd1 Kf7 39. Ng4 Re2+ 40.
Kb3 Re1 41. Nh6+ Kg7 0-1

[Event "I LIGA CS 2016"]
[Site "Kragujevac"]
[Date "2016.09.11"]
[Round "2.16"]
[White "Ivanovic, Dragutin"]
[Black "Todorovic, Nenad I"]
[Result "0-1"]
[WhiteElo "2291"]
[BlackElo "2251"]
[PlyCount "84"]
[EventDate "2016.??.??"]
[WhiteClock "0:40:06"]
[BlackClock "0:30:58"]

1. d4 Nf6 2. c4 e6 3. Nc3 Bb4 4. Qc2 O-O 5. Bg5 c5 6. dxc5 Na6 7. a3 Bxc3+ 8.
Qxc3 Nxc5 9. Bxf6 Qxf6 10. Qxf6 gxf6 11. b4 Na4 12. Nf3 b6 13. e3 Ba6 14. Nd2
Rac8 15. Be2 Nb2 16. Ne4 f5 17. Nf6+ Kg7 18. Nxd7 Rfd8 19. Ne5 Bxc4 20. Nxc4
Nxc4 21. O-O Rd2 22. Bf3 Ne5 23. Bd1 Rc3 24. a4 Nd3 25. b5 Rb2 26. g3 Kf6 27.
h3 Ke5 28. h4 h6 29. h5 Nc5 30. Bf3 Rcc2 31. a5 Rxb5 32. axb6 axb6 33. Ra7 Kf6
34. g4 fxg4 35. Bxg4 Rbb2 36. Rc7 Rd2 37. Kg2 Ne4 38. Kf3 Ng5+ 39. Kg3 Ne4+ 40.
Kf3 Rxf2+ 41. Rxf2 Nxf2 42. e4 Ke5 0-1

[Event "I LIGA CS 2016"]
[Site "Kragujevac"]
[Date "2016.09.11"]
[Round "2.17"]
[White "Djukic, Nebojsa"]
[Black "Nikolic, Dragovan"]
[Result "1/2-1/2"]
[WhiteElo "2196"]
[BlackElo "2227"]
[PlyCount "35"]
[EventDate "2016.??.??"]
[WhiteClock "1:19:43"]
[BlackClock "1:24:42"]

1. e4 c5 2. c4 Nc6 3. Ne2 g6 4. d4 cxd4 5. Nxd4 Bg7 6. Be3 Nf6 7. Nc3 d6 8. Be2
Bd7 9. Qd2 Nxd4 10. Bxd4 Bc6 11. f3 O-O 12. Rc1 a5 13. b3 Nd7 14. Be3 Nc5 15.
O-O Qb6 16. Rc2 Rfc8 17. Nd5 Bxd5 18. cxd5 1/2-1/2

[Event "I liga CS 2016."]
[Site "Kragujevac,hotel Sumarice"]
[Date "2016.09.11"]
[Round "2.3"]
[White "Vuckovic, Branko"]
[Black "Grkovic, Vladan"]
[Result "1/2-1/2"]
[WhiteElo "2263"]
[BlackElo "2178"]
[PlyCount "70"]
[EventDate "2016.09.10"]

1. e4 e6 2. f4 d5 3. e5 c5 4. c3 Qb6 5. Nf3 Ne7 6. Na3 Bd7 7. Nc2 Bb5 8. d3 a5
9. Be3 Qc7 10. a4 Ba6 11. Na3 Nf5 12. Bf2 h5 13. Be2 Be7 14. O-O Nc6 15. Rc1
Qd7 16. Ne1 g5 17. fxg5 Bxg5 18. Ra1 Ne3 19. Qc1 d4 20. Nf3 Bh6 21. Nb5 Bxb5
22. axb5 Ne7 23. cxd4 cxd4 24. Qc5 Rg8 25. Bxe3 Bxe3+ 26. Kh1 Rc8 27. Qd6 Nf5
28. Qxd7+ Kxd7 29. Ng1 Rc2 30. Bf3 b6 31. b4 axb4 32. Ra7+ Rc7 33. Bc6+ Kd8 34.
Ra8+ Rc8 35. Ra7 Rc7 1/2-1/2

[Event "I liga CS 2016."]
[Site "Kragujevac,hotel Sumarice"]
[Date "2016.09.11"]
[Round "2.4"]
[White "Brkljaca, Ante"]
[Black "Peric, Slavisa"]
[Result "1/2-1/2"]
[WhiteElo "2296"]
[BlackElo "2160"]
[PlyCount "21"]
[EventDate "2016.09.10"]

1. d4 d5 2. Nf3 Nf6 3. c4 c6 4. Nc3 e6 5. e3 Nbd7 6. Qc2 a6 7. Be2 dxc4 8. Bxc4
b5 9. Be2 c5 10. Ng5 Bb7 11. Bf3 1/2-1/2

[Event "I liga CS 2016."]
[Site "Kragujevac,hotel Sumarice"]
[Date "2016.09.11"]
[Round "2.4"]
[White "Maksimovic, Branimir"]
[Black "Jovanovic, Sasa M"]
[Result "1/2-1/2"]
[WhiteElo "2341"]
[BlackElo "2244"]
[PlyCount "80"]
[EventDate "2016.09.10"]

1. d4 Nf6 2. Nf3 c5 3. d5 d6 4. Nc3 Qa5 5. Bd2 b5 6. a3 a6 7. e4 Qc7 8. b4 g6
9. bxc5 Qxc5 10. Bd3 Bg7 11. O-O Bg4 12. a4 Nfd7 13. Ne2 Bxf3 14. gxf3 Ne5 15.
Kg2 bxa4 16. Rxa4 O-O 17. f4 Nxd3 18. cxd3 e6 19. Qb3 Qc8 20. Rc1 Qd7 21. Rb4
exd5 22. Qxd5 Qg4+ 23. Ng3 Nd7 24. Qxd6 Rfd8 25. Rb7 Ne5 26. Qe7 Qf3+ 27. Kg1
Rxd3 28. fxe5 Rxd2 29. Rf1 h5 30. e6 Rf8 31. Qg5 Rd1 32. Rxd1 Qxd1+ 33. Kg2 Qg4
34. Qxg4 hxg4 35. e7 Re8 36. Ra7 Bf6 37. Rxa6 Bxe7 38. h3 Bh4 39. hxg4 Bxg3 40.
Kxg3 Rxe4 1/2-1/2

[Event "I liga CS 2016."]
[Site "Kragujevac,hotel Sumarice"]
[Date "2016.09.11"]
[Round "2.4"]
[White "Cirakovic, Ivan"]
[Black "Panic, Nenad"]
[Result "1/2-1/2"]
[WhiteElo "2165"]
[BlackElo "2340"]
[PlyCount "172"]
[EventDate "2016.09.10"]

1. e4 c6 2. d4 d5 3. exd5 cxd5 4. Bd3 Nf6 5. c3 Bg4 6. Nf3 e6 7. Qa4+ Nbd7 8.
Ne5 a6 9. Bg5 Bh5 10. Bxf6 gxf6 11. Nxd7 Qxd7 12. Qxd7+ Kxd7 13. Nd2 Bd6 14. c4
dxc4 15. Nxc4 Bc7 16. O-O Bg6 17. Rfd1 Ke7 18. d5 Rad8 19. Ne3 Bf4 20. Bc4 Be4
21. Rd4 f5 22. Rad1 Bc7 23. Kh1 Bb6 24. R4d2 f4 25. Nf1 Bf5 26. Re2 Kf6 27. f3
Rd6 28. g3 Rhd8 29. gxf4 exd5 30. Red2 Be6 31. Ng3 R6d7 32. Bd3 d4 33. Re2 Kg7
34. b3 Kh8 35. Rde1 Rg8 36. Kg2 h5 37. Re5 Rd5 38. Rxd5 Bxd5 39. Re5 Rd8 40.
Rxh5+ Kg8 41. Rg5+ Kf8 42. Nh5 Bc6 43. Nf6 Ke7 44. Ne4 Bc7 45. Kg3 Rh8 46. Nf2
Bd6 47. Ng4 Bb4 48. Re5+ Kd6 49. h4 Bb5 50. Bxb5 axb5 51. Rxb5 Be1+ 52. Kg2 d3
53. Ne3 Kc6 54. Rd5 d2 55. h5 b5 56. a4 bxa4 57. bxa4 f6 58. Rd3 Rxh5 59. f5
Kc5 60. a5 Rh7 61. a6 Ra7 62. Ra3 Kb4 63. Ra1 Kb3 64. Kf1 Kb2 65. Ra5 Kb3 66.
Rb5+ Kc3 67. Rb6 Kd3 68. Nd1 Kd4 69. Ke2 Ke5 70. Ne3 Rd7 71. Re6+ Kf4 72. Re4+
Kg5 73. Rg4+ Kh5 74. Ra4 Re7 75. a7 Rxe3+ 76. Kd1 Rc3 77. Ra1 Rc8 78. a8=Q Rxa8
79. Rxa8 Kg5 80. Ra5 Kf4 81. Rb5 Kxf3 82. Rb6 Kf4 83. Rxf6 Ke5 84. Rf7 Ke4 85.
Ke2 Ke5 86. Rf8 Ke4 1/2-1/2

[Event "I liga CS 2016."]
[Site "Kragujevac,hotel Sumarice"]
[Date "2016.09.11"]
[Round "2.4"]
[White "Ilic, Dragan M"]
[Black "Ivanovic, Lazar"]
[Result "1/2-1/2"]
[WhiteElo "2333"]
[BlackElo "2017"]
[PlyCount "55"]
[EventDate "2016.09.10"]

1. d4 Nf6 2. c4 g6 3. Nc3 Bg7 4. e4 d6 5. f4 O-O 6. Nf3 c5 7. d5 e6 8. dxe6
Bxe6 9. Bd3 Nc6 10. f5 Bd7 11. O-O Ng4 12. Nd5 Nd4 13. Kh1 Nxf3 14. Qxf3 Qh4
15. Bf4 Be5 16. h3 h5 17. Bxe5 Nxe5 18. Qe3 Bc6 19. Qh6 Ng4 20. Ne7+ Qxe7 21.
hxg4 Qh4+ 22. Kg1 Qf6 23. gxh5 Qd4+ 24. Kh1 Qh8 25. Qe3 Qxh5+ 26. Kg1 Rae8 27.
Qf3 Qh8 28. f6 1/2-1/2

[Event "I liga CS 2016."]
[Site "Kragujevac,hotel Sumarice"]
[Date "2016.09.11"]
[Round "2.4"]
[White "Vojinovic, Luka"]
[Black "Zivkovic, Vladislav"]
[Result "1-0"]
[WhiteElo "2152"]
[BlackElo "2166"]
[PlyCount "167"]
[EventDate "2016.09.10"]

1. d4 d5 2. Bg5 Nf6 3. e3 Bf5 4. Bd3 Bxd3 5. cxd3 c6 6. Nc3 Qb6 7. Qe2 Nbd7 8.
Nf3 e6 9. O-O Qa6 10. Ne5 Bb4 11. Qf3 Bxc3 12. bxc3 Nxe5 13. dxe5 Nd7 14. d4
Qd3 15. Rab1 Rb8 16. Rb3 Nb6 17. Bh4 Nc4 18. Qg4 O-O 19. Rd1 Qe4 20. Qxe4 dxe4
21. Kf1 h6 22. Ke2 g5 23. Bg3 Rfd8 24. f3 exf3+ 25. gxf3 Rd5 26. Kd3 b5 27.
Rbb1 Rd7 28. h4 gxh4 29. Bf4 Kh7 30. Rh1 Rg8 31. Rxh4 Rg6 32. Rbh1 Kg7 33.
Bxh6+ Kg8 34. f4 Rg3 35. R1h3 Rxh3 36. Rxh3 Kh7 37. Bg5+ Kg6 38. Bf6 Kf5 39.
Rg3 Nb2+ 40. Kc2 Nc4 41. Kd3 Nb2+ 42. Ke2 Nc4 43. Rg7 Ke4 44. f5 Kxf5 45. Bh4
a5 46. Be1 Ke4 47. Rg4+ Kf5 48. Kf3 Nxe5+ 49. dxe5 Kxe5 50. c4 b4 51. Bg3+ Kf6
52. Bh4+ Ke5 53. Re4+ Kf5 54. Rf4+ Kg6 55. Rg4+ Kh5 56. Bf6 Rd1 57. Rg5+ Kh6
58. Ke2 Ra1 59. Kd3 Rf1 60. Be7 a4 61. Ra5 b3 62. axb3 axb3 63. Kc3 Rb1 64. Ba3
Kg6 65. Bb2 f6 66. Kxb3 e5 67. Kc2 Re1 68. Bc1 Kf5 69. Bd2 Rh1 70. Rc5 Ke4 71.
Rxc6 f5 72. Re6 Rh7 73. Bc3 Kxe3 74. Rxe5+ Kf4 75. c5 Kf3 76. Kd3 Kg4 77. Bd4
f4 78. Re6 Rf7 79. Rf6 Re7 80. c6 f3 81. Kc4 Kg3 82. Kd5 Re8 83. c7 Ra8 84. Kc6
1-0

[Event "I liga CS 2016."]
[Site "Kragujevac,hotel Sumarice"]
[Date "2016.09.11"]
[Round "2.5"]
[White "Petkov, Vladimir"]
[Black "Zajic, Milan"]
[Result "1-0"]
[WhiteElo "2514"]
[BlackElo "2483"]
[PlyCount "61"]
[EventDate "2016.09.10"]

1. Nf3 Nf6 2. g3 d5 3. Bg2 c6 4. O-O Bg4 5. d3 Nbd7 6. c4 e6 7. cxd5 cxd5 8.
Nc3 Bc5 9. Na4 Bd6 10. Qb3 Qb8 11. Nd4 O-O 12. e4 Nc5 13. Nxc5 Bxc5 14. Be3
dxe4 15. dxe4 Qe5 16. Nc2 Bxe3 17. Nxe3 Be2 18. Rfc1 a5 19. Qc3 Qb5 20. a4 Qb6
21. Ra3 Rad8 22. Rb3 Qa6 23. e5 Rd3 24. Qc2 Rxb3 25. Qxb3 Nd7 26. Bxb7 Qa7 27.
Rc7 Nc5 28. Qc2 Nxb7 29. Qxe2 Qb6 30. Qc2 Rd8 31. Qc6 1-0

[Event "I liga CS 2016."]
[Site "Kragujevac,hotel Sumarice"]
[Date "2016.09.11"]
[Round "2.5"]
[White "Djordjevic, Vuk"]
[Black "Paunovic, Tomislav"]
[Result "1-0"]
[WhiteElo "2416"]
[BlackElo "2347"]
[PlyCount "67"]
[EventDate "2016.09.10"]

1. e4 c5 2. Nc3 Nc6 3. g3 g6 4. Bg2 Bg7 5. d3 Rb8 6. Be3 b5 7. Qd2 b4 8. Nd1 d6
9. Ne2 e5 10. a3 a5 11. axb4 axb4 12. c3 Nf6 13. Bh6 Bxh6 14. Qxh6 Ng4 15. Qd2
h5 16. h3 Nf6 17. O-O h4 18. g4 Nh7 19. f4 exf4 20. Nxf4 Qg5 21. d4 bxc3 22.
bxc3 cxd4 23. cxd4 O-O 24. Ne3 Bb7 25. Nc4 Rbd8 26. Qc3 Nf6 27. Qb2 Ba8 28. d5
Ne5 29. Nxe5 dxe5 30. Nd3 Nxe4 31. Bxe4 Bxd5 32. Qe2 Bc4 33. Rac1 Rd4 34. Qf3
1-0

[Event "I liga CS 2016."]
[Site "Kragujevac,hotel Sumarice"]
[Date "2016.09.11"]
[Round "2.5"]
[White "Manic, Jovica"]
[Black "Brankovic, Dejan"]
[Result "0-1"]
[WhiteElo "2264"]
[BlackElo "2352"]
[PlyCount "70"]
[EventDate "2016.09.10"]

1. d4 Nf6 2. Bg5 Ne4 3. h4 c5 4. dxc5 Qa5+ 5. Nd2 e6 6. c3 Nxg5 7. b4 Qd8 8.
hxg5 Qxg5 9. Ngf3 Qd8 10. Nc4 d5 11. cxd6 b5 12. Nce5 Bxd6 13. Qd3 Qc7 14.
O-O-O Bxe5 15. Nxe5 Nd7 16. Nxd7 Bxd7 17. Kb2 h6 18. g4 Bc6 19. Rh5 O-O 20. Qe3
Bd5 21. Rd4 a5 22. Rhxd5 exd5 23. Bg2 axb4 24. Rxb4 Rfd8 25. Qd4 Qc6 26. f4 Ra4
27. Bf3 Rxb4+ 28. Qxb4 Qb6 29. Qd4 Qxd4 30. cxd4 Kf8 31. Kb3 Ke7 32. Kb4 Kd6
33. Kxb5 Rb8+ 34. Ka4 Rc8 35. Kb5 Rc4 0-1

[Event "I liga CS 2016."]
[Site "Kragujevac,hotel Sumarice"]
[Date "2016.09.11"]
[Round "2.5"]
[White "Gajic, Mladen"]
[Black "Jovanovic, Bojan P"]
[Result "1-0"]
[WhiteElo "2346"]
[BlackElo "2236"]
[PlyCount "69"]
[EventDate "2016.09.10"]

1. e4 e6 2. d4 d5 3. Nc3 Nf6 4. Bg5 dxe4 5. Nxe4 Be7 6. Bxf6 gxf6 7. c4 e5 8.
d5 f5 9. Nc3 O-O 10. Qh5 Qd6 11. O-O-O Qg6 12. Qe2 Nd7 13. Qc2 a6 14. Nf3 Bd6
15. Kb1 Qf6 16. Be2 a5 17. h3 Nc5 18. g4 e4 19. Nd4 Be5 20. Nb3 Nxb3 21. axb3
Qh4 22. f3 e3 23. f4 Bxf4 24. gxf5 Qf6 25. Bd3 Re8 26. Rhg1+ Kf8 27. Rg4 Bh6
28. Rdg1 Bd7 29. Ne4 Qe5 30. Nc5 e2 31. Re4 e1=Q+ 32. Rgxe1 Qd6 33. Nxd7+ Qxd7
34. Qc3 Bg7 35. Qd2 1-0